000 00907nam a22002057a 4500
001 EIF-III-1998-M4-015
003 OSt
005 20221105225002.0
008 221105b |||||||| |||| 00| 0 eng d
040 _aFundación Jesús Pereda
_cFundación Jesús Pereda
041 _aCastellano
100 _uUniversidad del País Vasco, Departamento de Historia Contemporánea
_aAizpuru, Mikel
_9267
111 _aEncuentro de Investigadores del Franquismo
_c(Sevilla.
_d1998.
_n3º)
_994
245 _aBaracaldo bajo el signo de Franco.
_bFalange y oposición política en un municipio vizcaíno
_c/Mikel Aizpuru
650 0 _9110
_aOposición al franquismo
651 0 _9118
_aPaís Vasco
_zVizcaya
773 _tActas del III Encuentro de Investigadores del Franquismo
_g490-502 p.
856 _uhttps://bibliotecaccoocyl.fundacionjesuspereda.es/cgi-bin/koha/opac-retrieve-file.pl?id=42fcd51dc45033cf199ea179af05c1fb
942 _2ddc
_cCF
_n0
999 _c106
_d106